| 000 | nam a22 7a 4500 | ||
|---|---|---|---|
| 999 |
_c332329 _d332329 |
||
| 003 | NUST | ||
| 005 | 20171124120527.0 | ||
| 008 | 171124b xxu||||| |||| 00| 0 eng d | ||
| 020 | _a9787532570959 | ||
| 040 | _cNUST | ||
| 082 |
_a704.948943 _bCHO |
||
| 100 |
_aLi, Chongfeng _96767 |
||
| 245 |
_aBuddhist archaeology: _bfrom India to China/ _cby Chongfeng li |
||
| 260 |
_aChina: _bShanghai Chinees Classic publishing, _c2014 |
||
| 300 | _a934 p. | ||
| 650 |
_aBuddhist archeology _96768 |
||
| 942 |
_2ddc _cBK |
||